Spoločenské a ekologické dopady zvyšovania hladiny morí na mobilitu ľudskej populácie
Fenomén migrácie človeka spôsobený zmenou stavu životného prostredia v podmienkach klimatických zmien na Zemi. Identifikovanie kauzálnych vzťahov migrácie obyvateľstva a degradácie životného prostredia s dôrazom na cezhraničnú dimenziu opatrení v kontexte zdieľania bremena medzinárodnej zodpovednost...
Salvato in:
| Autore principale: | |
|---|---|
| Natura: | Capitolo di libro |
| Lingua: | slovacco |
| Soggetti: | |
| Tags: |
Nessun Tag, puoi essere il primo ad aggiungerne!!
|
MARC
| LEADER | 00000naa a2200000 4500 | ||
|---|---|---|---|
| 001 | 0166688 | ||
| 005 | 20240502072913.7 | ||
| 041 | 0 | |a slo | |
| 044 | |a SK | ||
| 245 | 1 | 0 | |a Spoločenské a ekologické dopady zvyšovania hladiny morí na mobilitu ľudskej populácie |c Mikuláš Černota |
| 520 | |a Fenomén migrácie človeka spôsobený zmenou stavu životného prostredia v podmienkach klimatických zmien na Zemi. Identifikovanie kauzálnych vzťahov migrácie obyvateľstva a degradácie životného prostredia s dôrazom na cezhraničnú dimenziu opatrení v kontexte zdieľania bremena medzinárodnej zodpovednosti. Analýza socioekologických elementov environmentálnej migrácie metódou komparácie prípadových štúdií vysídľovania populácií v krajinách sveta a jednotlivé princípy kauzality prepojenia prírodných zdrojov a migračných tlakov na človeka. Koncept adaptácie a rozbor migrácie ako adaptačnej stratégie a analýze politiky medzinárodných schém implementácie adaptácie do praxe. Problematika zvyšovania hladiny mora v ohrozených oblastiach, ako príklad nútenej migrácie z environmentálnych dôvodov. | ||
| 610 | 2 | 0 | |a migrácia |
| 610 | 2 | 0 | |a more |
| 610 | 2 | 0 | |a prostredie životné |
| 610 | 2 | 0 | |a zmeny klimatické |
| 610 | 2 | 0 | |a populácia |
| 100 | 1 | |a Černota, Mikuláš, 1979- | |